00378 a2200133 4500003000400000005001700004008004100021040000900062082001500071100002400086245009800110260002700208300000900235OSt20231109132223.0231109b |||||||| |||| 00| 0 eng d coclc a297bMAN/N aMangad, Abdurahiman aNisa ul-Islam:b1929 September muthal 1930 November vareyulla lakkangal /cAbdurahiman Mangad aKerala:bGrace,c2021. a286p